Malaysia convention & exhibition directory 2011/ 2012.
| Format: | Book |
|---|---|
| Published: |
Shah Alam:
Marshall Cavendish,
2011.
|
| Subjects: |
| LEADER | 00513cam a2200157 7i4500 | ||
|---|---|---|---|
| 001 | 0000027257 | ||
| 005 | 20111130090000.0 | ||
| 022 | 0 | 0 | |a 1675302X |
| 090 | 0 | 0 | |a SR 381.1025 |b MAL |
| 245 | 0 | 0 | |a Malaysia convention & exhibition directory 2011/ 2012. |
| 260 | 0 | 0 | |a Shah Alam: |b Marshall Cavendish, |c 2011. |
| 300 | # | # | |a 366 p. |
| 650 | 0 | 0 | |a Exhibitions -- |x Directories -- |z Malaysia |
| 650 | 0 | 0 | |a Conventions -- |x Directories -- |z Malaysia |
| 651 | 0 | 0 | |a Malaysia |
| 999 | |a 0000029902 |b Directories |c Services |e Business Information Centre | ||